| 000 | 00794nam a22002657a 4500 | ||
|---|---|---|---|
| 001 | 000435 | ||
| 003 | DO-SdBNP | ||
| 005 | 20180119134345.0 | ||
| 007 | 000435 | ||
| 008 | 160802b 1999 ag ||||| |||| 00| 0 spa d | ||
| 020 | _a9507397299 | ||
| 040 |
_aBPMSU _bspa _cBPMSU |
||
| 092 |
_axxxxxxx _bxxxxxxx |
||
| 100 | 1 | _aZweiback, Meg | |
| 240 | 1 | 0 |
_aKeys to toilet training. _lEspañol |
| 245 | 1 | 0 |
_aClaves para dejar los pañales / _cMeg Zweiback ; traducción, Leandro Wolfson. |
| 260 |
_aBuenos Aires : _bErrepar : Longseller, _c1999. |
||
| 300 |
_a172 p. : _bil. ; _c22 cm. |
||
| 490 | 1 |
_aGuías para padres _v9 |
|
| 700 | 1 | 2 |
_aWolfson, Leandro, _etr. |
| 830 | 0 |
_aGuías para padres ; _v9 |
|
| 942 |
_2ddc _cBK |
||
| 945 | _aInventariado, 2018 / YL | ||
| 956 |
_aLOPEREZ _b10 _cBPMSU |
||
| 999 |
_c11074 _d11074 |
||